Legiertes Gusseisen /

Gespeichert in:
Bibliographische Detailangaben
Hauptverfasser: Röhrig, Klaus (Verfasst von), Gerlach, Hans-Günther (Verfasst von), Nickel, Otto (Verfasst von)
Format: Buch
Sprache:Deutsch
Veröffentlicht: Düsseldorf : Giesserei-Verlag, 1974
Schlagworte:
Tags: Tag hinzufügen
Keine Tags, Fügen Sie das erste Tag hinzu!

MARC

LEADER 00000nam a22000003a 4500
001 stu43384
005 20150617225717.0
008 940913s1974----gw------------------ger-d
020 |a 8-87260-019-2 
040 |a STU  |b slo 
041 0 |a ger 
044 |a gw 
080 |a 669.15-194 
100 1 |a Röhrig, Klaus  |4 aut 
245 1 |a Legiertes Gusseisen /  |c [aut.]Klaus Röhrig, GüNHans-Günther Gerlach, Otto Nickel 
260 |a Düsseldorf :  |b Giesserei-Verlag,  |c 1974 
300 |a 147 s 
650 7 |a Liatina legovaná  |2 stusub 
700 1 |a Gerlach, Hans-Günther  |4 aut 
700 1 |a Nickel, Otto  |4 aut 
996 |b 284M021617  |c M*8746/2-1  |l MMKN  |s A  |a 24  |w stu43384_0001